Statistics for 1960s Rock Music Quiz

Click here to take the quiz!

General Stats

  • This quiz has been taken 421 times
  • The average score is 13 of 25

Answer Stats

HintAnswer% Correct
These five boys epitomized the surf sound in the 60sThe Beach Boys
97%
This band played on the Ed Sullivan show for the first time on February 9th, 1964The Beatles
96%
This person played lead guitar for the band CreamEric Clapton
80%
This bands first studio album was titled "My Generation"The Who
80%
This person lit their guitar on fire at the Monterey Pop Festival in 1967Jimi Hendrix
76%
You may have found this man sitting on the dock of the bay back in 1968Otis Redding
74%
Wrote "The Times They Are a-Changin"Bob Dylan
70%
Eric Burdon was most famously known as the lead singer of this groupThe Animals
66%
This band was so "Happy Together"The Turtles
60%
This band featured two brothers that couldn't get along all of the night and most of the dayThe Kinks
55%
This band featured Eric Clapton, Jimmy Page, and Jeff Beck (not all at the same time)Yardbirds
52%
This band was banned from playing the Ed Sullivan show after using the word "higher" in their live performanceThe Doors
51%
Lead singer of Jefferson Airplane (female)Grace Slick
50%
This band had sunshine on a cloudy dayThe Temptations
49%
The Kingsmen are known for what hit songLouie, Louie
48%
This person wrote "Proud Mary"John Fogerty
46%
David Crosby left this band to join Stephen Stills, Neil Young, and Graham NashThe Byrds
37%
Van Morrison was the lead singer of this band before starting his solo career (ask someone named Gloria if you don't know)Them
34%
This band posed the question as to whether or not you believe in magicLovin' Spoonful
30%
This band wanted a ticket for an airplane because they didn't have time to take a fast trainBox Tops
28%
This famous counterculture and anti-war song was written by Stephen Stills and released in 1966For What It's Worth
23%
John Kay was the singer/songwriter for what famous rock groupSteppenwolf
19%
This band had to change the lyrics of their song from 69 tears to 96 tears? & the Mysterians
16%
Who sang this song that was originally written/released by Willie Nelson in 1961Patsy Cline
14%
Three members of the band Led Zeppelin performed the music to this song released by DonovanHurdy Gurdy Man
13%

Score Distribution

Percentile by Number Answered

Percent of People with Each Score

Your Score History

You have not taken this quiz